শেকওয়া ও জওয়াবে শেকওয়া/ (Record no. 18011)

MARC details
000 -LEADER
fixed length control field 00786nam a22001937a 4500
003 - CONTROL NUMBER IDENTIFIER
control field BDDh-ASL
005 - DATE AND TIME OF LATEST TRANSACTION
control field 20231015025653.0
008 - FIXED-LENGTH DATA ELEMENTS--GENERAL INFORMATION
fixed length control field 200917b1959 ||||| |||| 00| 0 d
040 ## - CATALOGING SOURCE
Original cataloging agency BDDh-ASL
Transcribing agency BDDh-ASL
Modifying agency BDDh-ASL
041 ## - LANGUAGE CODE
Language code of text/sound track or separate title bengali
082 ## - DEWEY DECIMAL CLASSIFICATION NUMBER
Classification number 297
Item number SUS
100 ## - MAIN ENTRY--PERSONAL NAME
9 (RLIN) 851
Personal name সুলতান, মোহাম্মদ
245 1# - TITLE STATEMENT
Title শেকওয়া ও জওয়াবে শেকওয়া/
Statement of responsibility, etc. মোহাম্মদ সুলতান ।
246 ## - VARYING FORM OF TITLE
Title proper/short title Shekhwa O Jowabe Shekhwa
260 ## - PUBLICATION, DISTRIBUTION, ETC.
Place of publication, distribution, etc. রংপুর:
Name of publisher, distributor, etc. হেরা প্রকাশনী,
Date of publication, distribution, etc. ১৯৫৯।
300 ## - PHYSICAL DESCRIPTION
Extent ছিয়ানব্বই পৃষ্ঠা:
Dimensions ১৯ সে. মি.।
650 #0 - SUBJECT ADDED ENTRY--TOPICAL TERM
9 (RLIN) 852
Topical term or geographic name entry element শেকওয়া
General subdivision ইসলাম ধর্ম
942 ## - ADDED ENTRY ELEMENTS (KOHA)
Source of classification or shelving scheme Dewey Decimal Classification
Koha item type Books
Holdings
Withdrawn status Lost status Source of classification or shelving scheme Damaged status Not for loan Collection code Home library Current library Shelving location Date acquired Source of acquisition Total Checkouts Full call number Barcode Date last seen Copy number Price effective from Koha item type
    Dewey Decimal Classification   Not For Loan Non-fiction Asiatic Society Library Asiatic Society Library General Stacks 09/17/2020 Complementary   297 SUS 101157 09/17/2020 C-1 09/17/2020 Books

Powered by Koha